Exclusión de socio
محفوظ في:
| المؤلف الرئيسي: | |
|---|---|
| مؤلفون آخرون: | |
| التنسيق: | غير معروف |
| اللغة: | الإنجليزية |
| منشور في: |
Buenos Aires, Argentina
Marcial Pons
2019
|
| الطبعة: | 1a.edición |
| سلاسل: | Monografías jurídicas societario
|
| الموضوعات: | |
| الوسوم: |
إضافة وسم
لا توجد وسوم, كن أول من يضع وسما على هذه التسجيلة!
|
MARC
| LEADER | 00000 a2200000 4500 | ||
|---|---|---|---|
| 003 | CL-VaPUC | ||
| 005 | 20210805122536.0 | ||
| 008 | 210624b2019 ||||| |||| 00| 0 eng d | ||
| 999 | |c 433210 |d 433208 | ||
| 020 | |a 978-987-1775-48-4 | ||
| 040 | |c Pontificia Universidad Católica de Valparaíso | ||
| 082 | 0 | 4 | |a 346.8207 MOR 2019 |2 21 |
| 100 | 1 | |a Moro, Emilio F. |e autor |9 861755 | |
| 245 | 1 | 0 | |a Exclusión de socio |
| 250 | |a 1a.edición | ||
| 260 | |a Buenos Aires, Argentina |b Marcial Pons |c 2019 | ||
| 300 | |a 273 páginas | ||
| 440 | 0 | |a Monografías jurídicas |p societario |9 861898 | |
| 583 | |k Cristina Rojas |c 20210624 | ||
| 650 | |a Exclusión de socios |x sociedades |9 862179 | ||
| 650 | |a Derecho comercial |z Argentina |9 862180 | ||
| 700 | |a Saux, Edgardo I. |e prologuista |9 861897 | ||
| 942 | |2 ddc |c BK | ||
| 952 | |0 0 |1 0 |2 ddc |4 0 |6 346_820700000000000_MOR_2019 |7 0 |8 A |9 578305 |a BIBDER |b BIBDER |d 2021-06-24 |e 22 |g 28000.00 |i 5585481 |o 346.8207 MOR 2019 |p 5585481 |r 2023-01-25 |t 1 |v 28000.00 |w 2021-06-24 |y BK |k DER | ||